00543nam a22001577a 450000500170000001000150001702000300003203500140006203700090007608200130008510000190009824500720011726000570018927001190024630000200036520211229124543.0 aENG-130746 a978-93-878-94-990c299.00 aEN-114278 bDBAD a355.0092 aArora, Bhaavna aUndaunted:cLt. Ummer Fayaz of Kashmir/bLt. Ummer Fayaz of Kashmir aChennaibWestland Publications Private Limitedc2003 a1st Floor, A Block, East Wing, Plot No. 40, SP Info City, Dr. MGR Salai, Perungudi, KandanchavadibChennaie600096 a232pc20cm(pbk)